Регионална библиотека "Любен Каравелов" - Русе

По големия път (Запис номер 122751)

MARC детайли
000 -Лидер
Контролно поле с фиксирана дължина 01152nam a2200289 c 4500
003 - Код на организацията, давaща контролен номер
Контролно поле BLK
005 - Дата и час на последна редакция
Контролно поле 20180422110848.0
008 - Елементи от данни с фиксирана дължина
fixed length control field 180409b bul|||||r ||||||| ||bul||
010 ## - Наследен системен номер
LC control number KNG00128397000
040 ## - Източник на каталожния запис
Идентификатор на билиотеката - собственик на записа BLK
041 ## - Код за език
Код за езика на текст/звукозапис или на отделно заглавие Български
Код за езика КДБФ Български
080 ## - УДК
Текстов определител УДК Българска литература
УДК код - определител по УДК 821.163.2
УДК определител -1
УДК - код + определител 821.163.2-1
100 1# - Редна дума - Автор
Автор Асенов, Максим
Авторска отговорност първи автор
Автор - информация (биография) Йосифов, Максим Асенов
R(LIN) 376981
139 ## - Редно поле
Редна дума Асенов, Максим
Авторски знак Ас - А 92
245 10 - Сведения за заглавието
Заглавие По големия път
Подзаглавни данни Стихове
Редно поле (дума) Максим Асенов; * Максим Асенов Йосифов.
257 ## - Страна на издаване
Страна на създаване/издаване България
260 ## - Област на издателските данни
-- София
Име на издателя, разпространителя и проч. Бълг. писател
Година на издаване 1963
300 ## - Физическа характеристика
Страници 69 с.
Размери/Мащаб 18 см
380 ## - Жанр
Жанр Худож. лит.
500 ## - Общи забележки
Забележка Пълното име на авт. е Максим Асенов Йосифов. - 1 600 тир.
700 1# - Други автори (авторска отговорност)
Лично име Йосифов, Максим Асенов
Автороска отговорност (Описва отношението между автора и произведението) *
9 (RLIN) 376976
852 ## - Местоположение
Форматна сигнатура Цб І 6471
856 4# - Електронен адрес и достъп
Електронен формат pdf - файл
Път до файла /url/
856 4# - Електронен адрес и достъп
Електронен формат pdf - файл
Път до файла /url/
942 ## - АРТИКУЛИ
Вид на библиотечния материал Книги
Скрит в OPAC Не
944 ## - СЪЗДАВАНЕ И РЕДАКЦИЯ на ЗАПИСА
Създаване/Редакция Създаване
Дата на регистрацията/редакция 06.03.2012
Статус, дата на статуса 06.03.2012 - от С1,Р / 06.03.2012
Служител, извършил регистрацията/редакцията Пенка_Димитрова
944 ## - СЪЗДАВАНЕ И РЕДАКЦИЯ на ЗАПИСА
Създаване/Редакция Редакция
Дата на регистрацията/редакция 06.03.2012
Статус, дата на статуса 06.03.2012 - от С1,Р / 06.03.2012
Служител, извършил регистрацията/редакцията
999 ## - СИСТЕМНИ КОНТРОЛНИ НОМЕРА
Koha biblionumber 122751
Koha biblioitemnumber 122751
Наличности
Код за отписване Код за изгубен артикул Източник на класификационната схема Код за повреда Коз за рестрикции Код за отдаване Артикулен № Име на библиотеката - собственик Име на библиотеката, в която се намира в момента Статус (Текущо местоположение) Дата на вписване в системата Местоположение - отдел Цена в лева Инвентарен номер Систематично азбучна сигнатура Баркод Номер на екземпляра Цена в евро Служебна бележка Служебен тип на артикула
  Не е изгубен Universal Decimal Classification Не е повреден без рестрикции ползва се в читалня 198653 Регионална библиотека "Любен Каравелов" Русе Регионална библиотека "Любен Каравелов" Русе Хранилище 1963-01-01 Хранилище 0.16 1036/64 Цб І 6471 900000013231 1 0.08 N: стар фонд Дата: 01.01.1963 Книги
Изтеглен Не е изгубен Universal Decimal Classification Не е повреден без рестрикции заемане за дома 198654 Регионална библиотека "Любен Каравелов" Русе Регионална библиотека "Любен Каравелов" Русе Заемна - подръчен фонд 1963-01-01 Заемна - подръчен фонд 0.00 1493/64 П 886.7-1/А 92 1493/64 2 0.00 N: стар фонд Дата: 01.01.1963 Книги
Vip Innovations Ltd, Rousse, Bulgaria 2025